Ohio Major & Minor Teams - Statistics

General Stats
  • This quiz has been taken 44 times
  • The average score is 17 of 30
Answer Stats
NCAA % Correct
Cleveland Browns
97%
Ohio State Buckeyes
97%
Cincinnati Bengals
94%
Cleveland Cavaliers
94%
Cleveland Guardians
94%
Columbus Blue Jackets
94%
Cincinnati Reds
90%
Cincinnati Bearcats
74%
Ohio Bobcats
71%
Akron Zips
65%
Toledo Rockets
61%
Bowling Green Falcons
58%
Dayton Flyers
55%
FC Cincinnati
52%
Cleveland Monsters
48%
Cleveland State Vikings
48%
Miami RedHawks
48%
Youngstown State Penguins
45%
Akron RubberDucks
42%
Columbus Clippers
42%
Xavier Musketeers
42%
Kent State Golden Flashes
39%
Toledo Mud Hens
39%
Wright State Raiders
39%
Cincinnati Cyclones
35%
Cleveland Charge
35%
Dayton Dragons
32%
Toledo Walleye
29%
Lake County Captains
19%
Columbus Crew SC
16%
No matching quizzes found
Score Distribution
Percent of People with Each Score
Percentile by Number Answered
Your Score History
You have not taken this quiz